000 002540000a22000970004500
100 1 _aBergsma, Pablo
245 1 0 _aLa misión en el siglo XXI
300 _aVol. 19, Num 1 y 2 (Enero-Junio, 2000), Páginas 69-70
773 0 _tIglesia y Misión
942 _cANA
999 _c52443
_d52443